000 00745nam a22002177a 4500
999 _c6756
_d6756
003 AR-CdUCM
008 190319b ||||| |||| 00| 0 spa d
020 _a84-267-0348-8
040 _aMUNICIPALIDAD PROVINCIAL DEL CUSCO
_cBIBLIOTECA MUNICIPAL DEL CUSCO
041 _hfre
082 _a621.56 /
_bR25
100 _aRapin, Pierre J.
_919017
245 _aInstalaciones frigoríficas /
260 _aBarcelona :
_bMarcombo, Boixareau,
_c1978-
_c1979.
300 _a2 tomos ;
_bilustraciones ;
_c24 cm.
505 _aContenido: t. 1 Elementos de física aplicados a la teoría de las instalaciones frigoríficas -- t. 2 Tecnología.
650 _aFrigoríficos
_919018
650 _aInstalaciones
_919019
942 _2ddc
_cLIBROS
945 _azta